Model amortizovanej hodnoty pri oceňovaní obligácií

Riešenie špecifického prípadu: investor obstará obligáciu s kombinovaným výnosom so zámerom držať ju do splatnosti. V priebehu životnosti dlhového cenného papiera však zmení svoj pôvodný zámer a obligáciu preraďuje do portfólia dlhopisov určených na obchodovanie. Obstarávacia cena nadobudnutého dlho...

Ausführliche Beschreibung

Gespeichert in:
Bibliographische Detailangaben
1. Verfasser: Nagy, Ladislav
Format: Buchkapitel
Sprache:Slowakisch
Schlagworte:
Tags: Tag hinzufügen
Keine Tags, Fügen Sie das erste Tag hinzu!

MARC

LEADER 00000naa a2200000 4500
001 0141358
005 20240502072533.8
041 0 |a slo 
044 |a SK 
245 1 0 |a Model amortizovanej hodnoty pri oceňovaní obligácií  |c Ladislav Nagy 
520 |a Riešenie špecifického prípadu: investor obstará obligáciu s kombinovaným výnosom so zámerom držať ju do splatnosti. V priebehu životnosti dlhového cenného papiera však zmení svoj pôvodný zámer a obligáciu preraďuje do portfólia dlhopisov určených na obchodovanie. Obstarávacia cena nadobudnutého dlhopisu bude vyššia než menovitá hodnota. 
610 2 0 |a obligácie 
610 2 0 |a investovanie 
610 2 0 |a papiere cenné 
610 2 0 |a oceňovanie 
610 2 0 |a výnosy 
610 2 0 |a hodnota 
610 2 0 |a amortizácia 
100 1 |a Nagy, Ladislav